Tramwaje Śląskie - Linia T7 - Statystyki

Ogólne statystyki
  • Ten quiz został rozwiązany 4 razy
  • Średni wynik to 33 z 38
Statystyki odpowiedzi
Przystanek % Poprawnych
Bytom Plac Sikorskiego
100%
Chorzów Batory Dworzec PKP
100%
Chorzów Batory Hotel
100%
Chorzów Batory Piekarska
100%
Chorzów Batory Zajezdnia
100%
Katowice Dworzec PKP
100%
Katowice Graniczna
100%
Katowice Rynek/Teatr Śląski
100%
Katowice Sobieskiego
100%
Łagiewniki Targowisko
100%
Piaśniki Skrzyżowanie
100%
Świętochłowice Gazownia
100%
Świętochłowice Mijanka
100%
Załęże Dom Kultury
100%
Załęże Dwór
100%
Załęże Kościół
100%
Załęże Pośpiecha
100%
Załęże Szkoła
100%
Załęże Wiśniowa
100%
Zawodzie Centrum Przesiadkowe
100%
Zawodzie Łączna
100%
Zawodzie Ośrodek Sportowy
100%
Zawodzie Paderewskiego
100%
Zawodzie Uniwersytet Ekonomiczny
100%
Bytom Jagiellońska
75%
Katowice Szkoła Filmowa UŚ
75%
Łagiewniki Gojny
75%
Łagiewniki Szyby Rycerskie
75%
Piaśniki Osiedle Skałka
75%
Świętochłowice Kościół
75%
Załęże Janasa
75%
Bytom Łagiewnicka
50%
Bytom Urząd Pracy
50%
Chropaczów Osiedle Na Wzgórzu
50%
Łagiewniki Fabryczna
50%
Łagiewniki Krzyżowa
50%
Świętochłowice Muzeum Powstań Śląskich
50%
Świętochłowice Polna
50%
Nie znaleziono quizów pasujących do podanych kryteriów
Rozkład punktacji
Procent ludzi z każdym wynikiem
Percentyl według liczby udzielonych odpowiedzi
Twoja historia wyników
Nie rozwiązałeś tego quizu